Biggest Cities as a Percent of their Country - Statistics

General Stats
  • This quiz has been taken 175 times
  • The average score is 10 of 30
Answer Stats
Percent Answer % Correct
Singapore 100.00 Singapore
91%
Monaco 93.99 Monaco
88%
Vatican City 100.00 Vatican City
87%
Andorra 84.77 Andorra la Vella
57%
Kuwait 84.41 Kuwait City
55%
Qatar 66.30 Doha
49%
South Korea 48.67 Seoul
42%
Bahrain 93.15 Manama
41%
Taiwan 37.96 Taipei
41%
Iceland 59.12 Reykjavik
40%
Mongolia 38.22 Ulaanbaatar
32%
Brunei 62.61 Bandar Seri Begawan
31%
Jamaica 34.38 Kingston
30%
St. Vincent and the Grenadines 36.20 Kingstown
30%
Uruguay 50.77 Montevideo
29%
Djibouti 64.80 Djibouti
27%
Bahamas 65.30 Nassau
27%
Chile 36.26 Santiago
26%
Suriname 40.84 Paramaribo
22%
Latvia 52.93 Riga
22%
Antigua and Barbuda 45.17 St. John's
21%
Estonia 41.03 Tallinn
21%
Barbados 38.69 Bridgetown
20%
St. Lucia 39.17 Castries
19%
Tuvalu 44.12 Funafuti
18%
Marshall Islands 50.59 Majuro
16%
Costa Rica 35.78 San José
16%
Armenia 39.78 Yerevan
15%
Kiribati 51.57 South Tarawa
14%
Palau 64.71 Koror
5%
No matching quizzes found
Score Distribution
Percent of People with Each Score
Percentile by Number Answered
Your Score History
You have not taken this quiz